| 000 | 00851cam a2200241 a 4500 | ||
|---|---|---|---|
| 020 | _a0471232319 (alk. paper) | ||
| 082 | 0 | 4 |
_a530 _bHAL _cN-01, P-159 |
| 100 | 1 |
_aHalliday, David, _95033 |
|
| 245 | 1 | 0 |
_aFundamentals of physics / _cDavid Halliday, Robert Resnick, Jearl Walker. |
| 250 | _a7th ed., extended ed. | ||
| 260 |
_aHoboken, NJ : _bWiley, _cc2005. |
||
| 300 |
_a1 v. (various pagings) : _bill. (some col.) ; _c29 cm. |
||
| 500 | _aIncludes indexes. | ||
| 526 |
_a0 _b0 _c0 _d530_000000000000000_HAL |
||
| 526 |
_a0 _b0 _c0 _d530_000000000000000_HAL |
||
| 650 | 0 |
_aNUST _96342 |
|
| 650 | 0 | _aPhysics. | |
| 700 | 1 |
_aResnick, Robert, _98684 |
|
| 700 | 1 |
_aWalker, Jearl, _98685 |
|
| 856 | 4 | 1 | _uhttp://www.loc.gov/catdir/toc/wiley051/2004556239.html |
| 856 | 4 | 2 | _uhttp://www.loc.gov/catdir/enhancements/fy0621/2004556239-d.html |
| 942 |
_2ddc _cBK |
||
| 999 |
_c544169 _d544169 |
||